| 000 | 00426nam a2200169Ia 4500 | ||
|---|---|---|---|
| 008 | 230917s9999||||xx |||||||||||||| ||und|| | ||
| 020 | _cRS1295 | ||
| 040 |
_e212783 _aMAIN |
||
| 041 | _aEnglish | ||
| 082 | _a581.192 P695P | ||
| 100 | _aDey, P M, ed. | ||
| 245 | 0 | _aPlant biochemistry | |
| 260 |
_aAmsterdam _bElsevier _c2013 |
||
| 300 | _axi, 554 p. | ||
| 500 | _a4267 25/11/2013 131 04/12/2013 Main Budget | ||
| 942 | _cBK | ||
| 999 |
_c34436 _d34436 |
||